000 00879nam a2200121Ia 4500
008 220620s9999||||xx |||||||||||||| ||und||
245 0 _aScience and the politics of openness
_bHere be monsters
546 _aEnglish[eng]
650 _aresponsibility||sociology||politics||society||science||expertise||public||religion||sciene and technology studies||openness||Climate change (general concept)||Creationism||Open access||Risk assessment
700 _aHartley, Sarah||Raman, Sujatha||Smith, Alexander||Nerlich, Brigitte
856 _uhttps://library.oapen.org/bitstream/20.500.12657/30733/1/Science%20and%20the%20politics%20%20of%20openness.pdf||https://library.oapen.org/bitstream/20.500.12657/30733/1/Science%20and%20the%20politics%20%20of%20openness.pdf||https://library.oapen.org/bitstream/20.500.12657/30733/1/Science%20and%20the%20politics%20%20of%20openness.pdf
942 _cEB
999 _c26115
_d26115